000 00634nam a2200241Ia 4500
003 OSt
005 20220928113657.0
006 a|||||r|||| 00| 0
007 ta
008 220927b |||||||| |||| 00| 0 eng d
024 _a117378
037 _b0, 18/10/2012,
_cTextual
040 _aSDCL
_cSDCL
_beng
041 _2eng
_aeng
082 _aI9X, P9
100 _aMehta Varun
_9434440
245 0 _aPlant biotechnology.
260 _aNew Delhi
_bCampus Books
_c2009
300 _avii,286p
_ccm.
650 _aGift
_9391569
942 _hI9X, P9
_cTEXL
_2CC
999 _c750776
_d750776